Aj cudzie zdroje financovania majú svoje výhody a nevýhody
Cudzie zdroje financovania pri podnikaní - bankový úver, tiché spoločenstvo, finančný lízing. Výhody a nevýhody tichého spoločenstva - zdaňovanie podielu, duplicitné zdanenie. Podstata lízingu. Výhody finančného lízingu, daňové hľadisko. Preddavok na kúpu a nájomné.
Gespeichert in:
| 1. Verfasser: | |
|---|---|
| Format: | Buchkapitel |
| Sprache: | Slowakisch |
| Schlagworte: | |
| Tags: |
Keine Tags, Fügen Sie das erste Tag hinzu!
|
MARC
| LEADER | 00000naa a2200000 4500 | ||
|---|---|---|---|
| 001 | r038174 | ||
| 005 | 20230921105302.1 | ||
| 041 | 0 | |a slo | |
| 044 | |a SK | ||
| 245 | 1 | 0 | |a Aj cudzie zdroje financovania majú svoje výhody a nevýhody |c Terézia Mäsiarová |
| 520 | |a Cudzie zdroje financovania pri podnikaní - bankový úver, tiché spoločenstvo, finančný lízing. Výhody a nevýhody tichého spoločenstva - zdaňovanie podielu, duplicitné zdanenie. Podstata lízingu. Výhody finančného lízingu, daňové hľadisko. Preddavok na kúpu a nájomné. | ||
| 610 | 2 | 0 | |a podnikanie |
| 610 | 2 | 0 | |a financovanie |
| 610 | 2 | 0 | |a zdroje finančné cudzie |
| 610 | 2 | 0 | |a úver bankový |
| 610 | 2 | 0 | |a spoločenstvo tiché |
| 610 | 2 | 0 | |a lízing finančný |
| 610 | 2 | 0 | |a zdanenie dvojité |
| 610 | 2 | 0 | |a zaťaženie daňové |
| 100 | 1 | |a Mäsiarová, Terézia | |